Famiglia e Secondo Welfare (Record n. 359657)

Dettagli MARC
000 -LEADER
campo di controllo lung. fissa 00565nam a22001937a 4500
003 - Identificatore del numero di controllo
campo di controllo IT-MiCISF
005 - Data e orario dell'ultima transazione
campo di controllo 20251120121946.0
008 - Elementi di lunghezza fissa--Informazione generale
campo di controllo lung. fissa 230329b |||||||| |||| 00| 0 eng d
040 ## - Fonte della catalogazione
Agenzia che fa la trascrizione IT-MiCISF
041 ## - Codice di lingua
Codice di lingua del testo/traccia sonora o titolo separato it
100 ## - Accesso principale -- nome di persona
Nome di persona Bordignon Adriano
9 (RLIN) 59847
245 ## - Formulazione del titolo
Titolo Famiglia e Secondo Welfare
260 ## - Pubblicazione, distribuzione, ecc. (stampa)
Luogo di pubblicazione, distribuzione, ecc. Roma,
Nome dell'editore, distributore, ecc. Pontificio Istituto teologico Giovanni Paolo II,
Data di pubblicazione, distribuzione, ecc. 2019
300 ## - Descrizione fisica
Estensione pp. 63
500 ## - Nota generale
Nota generale politica-familiare, cambiamento, economia, lavoro, famiglia
650 ## - Accesso aggiunto di soggetto--termine topico
Termine topico o nome geografico come accesso Politica-familiare
9 (RLIN) 59848
654 ## - Accesso aggiunto di soggetto--termini topici faccettati
Termine principale Tesi di laurea
942 ## - Dati aggiuntivi (Koha)
Fonte della classificazione o dello schema di collocazione (segnatura) Dewey Decimal Classification
Tipo copia default (Koha) LIBRO
Dati di copia
Ritirato (status) Perso (status) Fonte della classificazione o dello schema di collocazione (segnatura) Danneggiato (status) Non per il presito Biblioteca proprietaria Biblioteca in cui si trova Data d'acquisizione Totale prestiti Collocazione Data ultima operazione Prezzo in vigore dal Tipo copia default (Koha)
    Dewey Decimal Classification Buone Condizioni Not For Loan CISF - Milano CISF - Milano 29/03/2023   C192 29/03/2023 29/03/2023 LIBRO
CREDITS: SOCIETA' SAN PAOLO Via A.Severo, 58 - ROMA (RM) & PERIODICI SAN PAOLO SRL Via Giotto, 36 MILANO & CISF Via Giotto, 36 MILANO & EDIZIONI SAN PAOLO SRL,  Piazza Soncino, 5 CINISELLO BALSAMO (MI) -- ITALY